000 00497nam a2200193Ia 4500
005 20250326142459.0
008 250326s9999 xx 000 0 und d
037 _aTextbook
040 _aFMSL
_beng
_cFMSL
041 _aeng
_2eng
084 _qFMSL
100 _aGupta R L
245 0 _aPrinciples & practice of accountancy
_cGupta R L; Gupta V K
250 _aEd 8
260 _aNew Delhi
_bNew Delhi, Sultan Chand
_c1999
300 _av
942 _cTB
999 _c1295224
_d1295224